000 00567nab a2200157Ia 4500
003 ES-SlBCS
005 20210601145408.0
008 140529s1991 xxu||||| |||| 00| 0 spa d
041 _aspa
100 1 _aSánchez Bruno, Juan Alfonso
_9311763
245 0 0 _aUn modelo lineal para la determinación del pico de catecoles con DNPV
_c Juan Alfonso Sánchez Bruno, Concepción San Luis
650 0 4 _aMonoaminas
_9311764
700 1 _aSan Luis, Concepción
_9222205
773 0 _tRevista de Psicologia General y Aplicada
_gvol. 44, 1991, págs. 59-62
_wRev1347
942 _cAR
999 _c723842
_d723842